Mahir berbahasa Arab

Bibliographic Details
Main Author: Qais Faryadi bin Sadrudeen
Format: Book
Published: Selangor : Future Text Pub. Sdn. Bhd , 2008
Subjects:

MARC

LEADER 00000cam a2200000 7i4500
001 0000035370
005 20150408.0
008 130206
020 |a 9675071096 
082 0 0 |a EDU   |b MAL 
090 0 0 |a 492.782   |b QAI 
100 0 |a Qais Faryadi bin Sadrudeen 
245 1 0 |a Mahir berbahasa Arab   |c Qais Faryadi bin Sadrudeen 
260 |a Selangor :   |b Future Text Pub. Sdn. Bhd ,   |c 2008 
650 0 |a Arabic language   |x Conversations & phrase books 
999 |a 0001128770   |b Book   |c Adult Collection   |e Cawangan Pontian 
999 |a 0001128772   |b Book   |c Adult Collection   |e Cawangan Bandar Penawar 
999 |a 0001128774   |b Book   |c Children Collection   |e Cawangan Taman Universiti 
999 |a 0001128775   |b Book   |c Adult Collection   |e Cawangan Pontian 
999 |a 0001128776   |b Book   |c Adult Collection   |e Cawangan Kota Tinggi 
999 |a 0001128778   |b Book   |c Adult Collection   |e Cawangan Taman Sri Lambak 
999 |a 0001128781   |b Book   |c Adult Collection   |e Cawangan Muar 
999 |a 0001128782   |b Book   |c Adult Collection   |e Cawangan Mersing 
999 |a 0001128783   |b Book   |c Children Collection   |e Cawangan Segamat 
999 |a 0001128784   |b Book   |c Adult Collection   |e Cawangan Tangkak 
999 |a 0001136553   |b Book   |c Adult Collection   |e Perbadanan Perpustakaan Awam Johor 
999 |a 0001136554   |b Book   |c Adult Collection   |e Cawangan Segamat 
999 |a 0001136555   |b Book   |c Adult Collection   |e Cawangan AEON Kulaijaya 
999 |a 0001136556   |b Book   |c Adult Collection   |e Cawangan AEON Kulaijaya